GRAPHIC BIBLE (Record no. 381579)

MARC details
000 -LEADER
fixed length control field 00361nam a2200157Ia 4500
008 - FIXED-LENGTH DATA ELEMENTS--GENERAL INFORMATION
fixed length control field 100122s9999 xx 000 0 und d
082 ## - DEWEY DECIMAL CLASSIFICATION NUMBER
Item number 69176
Classification number 220
100 ## - MAIN ENTRY--PERSONAL NAME
Personal name ANDERSON JEFF
245 ## - TITLE STATEMENT
Title GRAPHIC BIBLE
260 ## - PUBLICATION, DISTRIBUTION, ETC. (IMPRINT)
Name of publisher, distributor, etc LION PUBLISHING
Date of publication, distribution, etc 2003
300 ## - PHYSICAL DESCRIPTION
Extent 255
630 ## - SUBJECT ADDED ENTRY--UNIFORM TITLE
Uniform title GRAPHIC BIBLE
700 ## - ADDED ENTRY--PERSONAL NAME
Personal name MADDOX M
730 ## - ADDED ENTRY--UNIFORM TITLE
Uniform title GRAPHIC BIBLE
942 ## - ADDED ENTRY ELEMENTS (KOHA)
Koha item type Book
Holdings
Withdrawn status Lost status Damaged status Not for loan Home library Current library Date acquired Cost, normal purchase price Total Checkouts Full call number Barcode Date last seen Cost, replacement price Price effective from Koha item type Public note
        S.V. Pathak Library, Vile Parle S.V. Pathak Library, Vile Parle 05/20/2006 518.00   69176 SVPPARLE-69176 01/25/2010 518.00 01/25/2010 Book ", , General, NA"